Riadenie zložitých systémov
Enregistré dans:
| Auteur principal: | |
|---|---|
| Autres auteurs: | , , |
| Format: | Livre |
| Langue: | slovaque |
| Publié: |
Bratislava
Alfa
1992
|
| Édition: | 1. vyd. |
| Sujets: | |
| Tags: |
Pas de tags, Soyez le premier à ajouter un tag!
|
MARC
| LEADER | 00000nam a2200000 4500 | ||
|---|---|---|---|
| 001 | c000987 | ||
| 005 | 20221214090513.1 | ||
| 020 | |a 80-05-00945-3 | ||
| 041 | 0 | |a slo | |
| 044 | |a SK | ||
| 245 | 1 | 0 | |a Riadenie zložitých systémov |c Ján Sarnovský ... [et al.] |
| 250 | |a 1. vyd. | ||
| 264 | 1 | |a Bratislava |b Alfa |c 1992 | |
| 300 | |a 384 s. | ||
| 610 | 2 | 0 | |a riadenie |
| 610 | 2 | 0 | |a modely matematické |
| 610 | 2 | 0 | |a roboty |
| 610 | 2 | 0 | |a systémy riadenia |
| 610 | 2 | 0 | |a metódy riadenia |
| 610 | 2 | 0 | |a teória rozhodovania |
| 610 | 2 | 0 | |a inteligencia umelá |
| 100 | 1 | |a Sarnovský, Ján | |
| 700 | 1 | |a Madarász, Ladislav | |
| 700 | 1 | |a Bízik, Juraj | |
| 700 | 1 | |a Csontó, Július | |